Central Library OPAC University of Rajshahi

নব্য যুত্তি বিজ্ঞান / (Record no. 46953)

MARC details
000 -LEADER
fixed length control field 00765nam a2200217 a 4500
001 - CONTROL NUMBER
control field 46953
003 - CONTROL NUMBER IDENTIFIER
rucl marc code BD-RjUL
005 - DATE AND TIME OF LATEST TRANSACTION
control field 20211209054233.0
008 - FIXED-LENGTH DATA ELEMENTS--GENERAL INFORMATION
fixed length control field 160807s1977 ii e b 001 0 beno
035 ## - SYSTEM CONTROL NUMBER
System control number (BD-RjUL)47072
040 ## - CATALOGING SOURCE
Original cataloging agency DLC
Transcribing agency DLC
Modifying agency BD-RjUL
Language of cataloging ben
041 ## - LANGUAGE CODE
Language code of text/sound track or separate title ben
082 ## - DEWEY DECIMAL CLASSIFICATION NUMBER
Classification number 160
Edition number 23
Author mark and year DAN 1977
100 ## - MAIN ENTRY--PERSONAL NAME
Personal name দাস, রমাপ্রমাদ
9 (RLIN) 143348
245 10 - TITLE STATEMENT
Title নব্য যুত্তি বিজ্ঞান /
Statement of responsibility, etc. রমাপ্রমাদ দাস
260 ## - PUBLICATION, DISTRIBUTION, ETC. (IMPRINT)
Place of publication, distribution, etc. কলিকতা :
Name of publisher, distributor, etc. মডার্না বুক এজেন্সি,
Date of publication, distribution, etc. ১৯৭৭
300 ## - PHYSICAL DESCRIPTION
Pagination ১৯৫ পৃ. ;
Size ২৩ সেমি.
650 #0 - SUBJECT ADDED ENTRY--TOPICAL TERM
Topical term or geographic name as entry element যুত্তি বিজ্ঞান
9 (RLIN) 143349
Topical term or geographic name as entry element Yutti Science
9 (RLIN) 143350
942 ## - ADDED ENTRY ELEMENTS (KOHA)
Source of classification or shelving scheme Dewey Decimal Classification
Koha item type Books
Holdings
Lost status Source of classification or shelving scheme Damaged status Not for loan Collection code Permanent Location Current Location Shelving location Date acquired Source of acquisition Cost, normal purchase price Total Checkouts Full call number Date last seen Copy number Koha item type
  Dewey Decimal Classification     Non-fiction Central Library, University of Rajshahi Central Library, University of Rajshahi   30/06/1981 Aligor 54.00   B 160 DAN 1977 07/08/2016 C-2 Books